LIBRARY & INFORMATION CENTRE, KCAET, TAVANUR

ONLINE PUBLIC ACCESS CATALOGUE (OPAC)

Studies on effect of ultrasound assisted osmotic dehydration process on convective drying of Pineapple slices (Record no. 17492)

MARC details
000 -LEADER
fixed length control field 00428nam a22001457a 4500
003 - CONTROL NUMBER IDENTIFIER
control field OSt
082 ## - DEWEY DECIMAL CLASSIFICATION NUMBER
Classification number 664
Item number MEE/STU
088 ## - REPORT NUMBER
Report number T 532
100 ## - MAIN ENTRY--AUTHOR NAME
Personal name MEENA N
245 ## - TITLE STATEMENT
Title Studies on effect of ultrasound assisted osmotic dehydration process on convective drying of Pineapple slices
260 ## - PUBLICATION, DISTRIBUTION, ETC. (IMPRINT)
Place of publication KCAET
Name of publisher Department of processing and Food engineering
Year of publication 2022
300 ## - PHYSICAL DESCRIPTION
Number of Pages 135
700 ## - ADDED ENTRY--PERSONAL NAME
Personal name Prince M.V
942 ## - ADDED ENTRY ELEMENTS (KOHA)
Koha item type Theses
Holdings
Home library Current library Shelving location Full call number Accession Number Koha item type Public note
KAUAET KAUAET Reference 664 MEE/ST T 532 Theses M.Tech Thesis
free website counter